Anatomy: as a basis for clinical medicine.--3rd ed. (Record no. 63672)
[ view plain ]
| 000 -LEADER | |
|---|---|
| fixed length control field | 00902nam a2200193 a 4500 |
| 008 - FIXED-LENGTH DATA ELEMENTS--GENERAL INFORMATION | |
| fixed length control field | 110901s1995 ||||||||||||||||| || u |
| 020 ## - INTERNATIONAL STANDARD BOOK NUMBER | |
| International Standard Book Number | 0683096486 |
| 050 ## - LIBRARY OF CONGRESS CALL NUMBER | |
| Classification number | QM 23.2 Hal |
| 100 ## - MAIN ENTRY--PERSONAL NAME | |
| Personal name | Hall-Craggs E. C. B |
| 245 10 - TITLE STATEMENT | |
| Title | Anatomy: as a basis for clinical medicine.--3rd ed. |
| Statement of responsibility, etc. | E. C. B. Hall-Craggs; illustrated by Diane Abeloff |
| 250 ## - EDITION STATEMENT | |
| Edition statement | 3rd ed. |
| 260 ## - PUBLICATION, DISTRIBUTION, ETC. | |
| Place of publication, distribution, etc. | Baltimore, MD |
| Name of publisher, distributor, etc. | Williams & Wilkins |
| Date of publication, distribution, etc. | 1995 |
| 300 ## - PHYSICAL DESCRIPTION | |
| Extent | ix, 587p.: ill. |
| 350 ## - | |
| -- | 0.00 |
| 650 #3 - SUBJECT ADDED ENTRY--TOPICAL TERM | |
| Topical term or geographic name entry element | ANATOMY |
| 650 #0 - SUBJECT ADDED ENTRY--TOPICAL TERM | |
| Topical term or geographic name entry element | HUMAN ANATOMY |
| 995 ## - | |
| -- | MEDICAL LIBRARY OPEN ACCESS |
| -- | 0.00 |
| -- | 900818 |
| -- | CBU-SCHOOL OF MEDICINE LIBRARY (Ndola) |
| -- | 1 |
| -- | 0.00 |
| -- | QM 23.2 Hal |
| -- | 2 |
| -- | AVAILABLE |
| -- | Nov 2, 2011 |
| -- | 900818 |
| -- | Medical Library Open Access Collection |
| 995 ## - | |
| -- | MICHAEL CHILUFYA SATA OPEN ACCESS |
| -- | 0.00 |
| -- | 900817 |
| -- | CBU-SCHOOL OF MEDICINE LIBRARY (Ndola) |
| -- | 1 |
| -- | 0.00 |
| -- | QM 23.2 Hal |
| -- | 1 |
| -- | AVAILABLE |
| -- | Nov 2, 2011 |
| -- | 900817 |
| -- | Medical Library Open Access Collection |
| 999 ## - | |
| -- | 63672 |
| -- | 63672 |
| Withdrawn status | Lost status | Source of classification or shelving scheme | Damaged status | Not for loan | Permanent Location | Current Location | Shelving location | Date acquired | Total Checkouts | Full call number | Barcode | Date last seen | Date last checked out | Copy number | Price effective from | Koha item type |
|---|---|---|---|---|---|---|---|---|---|---|---|---|---|---|---|---|
| CBU-MICHAEL CHILUFYA SATA LIBRARY | CBU-MICHAEL CHILUFYA SATA LIBRARY | 01/25/2023 | QM 23.2 Hal | 900817 | 01/25/2023 | 2 | 01/25/2023 | MONOGRAPH | ||||||||
| CBU-SCHOOL OF MEDICINE LIBRARY, NDOLA. | CBU-SCHOOL OF MEDICINE LIBRARY, NDOLA. | 01/25/2023 | 1 | QM 23.2 Hal | 900818 | 10/20/2025 | 06/16/2025 | 1 | 01/25/2023 | MONOGRAPH |